UBT Library

Maternal Child Nursing Care: (Record no. 1468)

000 -LEADER
fixed length control field 00317nam a22001217a 4500
008 - FIXED-LENGTH DATA ELEMENTS--GENERAL INFORMATION
fixed length control field 160420b xxu||||| |||| 00| 0 eng d
020 ## - INTERNATIONAL STANDARD BOOK NUMBER
International Standard Book Number 9780323028653
020 ## - INTERNATIONAL STANDARD BOOK NUMBER
International Standard Book Number 0323028659
041 ## - LANGUAGE CODE
Language code of text/sound track or separate title eng
080 ## - UNIVERSAL DECIMAL CLASSIFICATION NUMBER
Universal Decimal Classification number 618.2
245 ## - TITLE STATEMENT
Title Maternal Child Nursing Care:
Statement of responsibility, etc Wong Hockenberry Wilson Perry Lowdermilk;
942 ## - ADDED ENTRY ELEMENTS (KOHA)
Source of classification or shelving scheme
Item type Books
Holdings
Withdrawn status Lost status Source of classification or shelving scheme Damaged status Not for loan Collection code Permanent location Current location Shelving location Date acquired Total Checkouts Full call number Barcode Date last seen Price effective from Koha item type
          Koleksioni i përgjithshem UBT - Lipjan UBT - Lipjan Koleksioni i përgjithshem 04/20/2016   618.2 HOC 002-027748 04/20/2016 04/20/2016 Books
          Koleksioni i përgjithshem UBT - Lipjan UBT - Lipjan Koleksioni i përgjithshem 04/23/2016   618.2 WIL 002-027786 01/04/2017 04/23/2016 Books
          Koleksioni i përgjithshem UBT - Lipjan UBT - Lipjan Koleksioni i përgjithshem 04/27/2016   618.2 WON 002-027941 04/27/2016 04/27/2016 Books
          Koleksioni i përgjithshem UBT - Lipjan UBT - Lipjan Koleksioni i përgjithshem 01/13/2017   618.2 WON 002-029902 01/13/2017 01/13/2017 Books
          Koleksioni i përgjithshem UBT - Lipjan UBT - Lipjan   03/17/2023   610.73WON 002-80001023 03/17/2023 03/17/2023 Books
UBT Library © 2015-2024. All rights reserved University Education for Business and Technology